000 00535nam a2200181Ia 4500
003 GCL
008 140319s9999 xx 000 0 ara d
040 _aGCL /
_cGCL
082 0 4 _a813
_bا م
100 1 _aالطيب صالح
245 1 0 _aمريود?: الجزء الثانى وبندرشاه (هديه من الآديب عبدالفتاح الجمل) /
_cالطيب صالح
300 _a88
490 _a100 قصة
_v0
650 0 4 _aالادب العربى
650 0 4 _aالادب
650 0 4 _aالقصص
942 _2ddc
_cBK
999 _c43663
_d43663